01373nam a2200241Ia 4500001000600000003000900006008004100015040001300056040001300069041001300082100002200095100002900117245001700146245001700163250001100180260001100191260001500202260004900217300005700266500074900323650002801072650003101100H1284IT-RoPAU130308s9999 xx 000 0 und d aIT-RoPAU cIT-RoPAU aITALIANO aBocchi Pier Maria gCodice Aut. SPICS: 53024 aMichael Mann bMichael Mann a1a ed. aMILANO bIl Castoro c2002 [1° Ed.:2002 - Ed.Ling.Originale:2002] a"144 p. (prefazione: no ; testo: 144 [pagine: 0-0])" a"Numero Monografico Sul regista Americano Michael Mann, nato a Chicago nel 1943. Lavora da Sempre a Hollywood, Riuscendo Fin Dagli Esordi a Utilizzarele regole del Genere e Dello Star System con Grande Personalità, Secondo Un'Idea di Cinema di Ampio respiro e Spesso Sperimentale. Il suo Mondo è Dominato da un Ordine delle Cose e da una moltitudine di Personaggi, I Qualiagiscono Secondo un Personale Codice Etico, Anche a costo di una Prevista Sconfitta. Lunga intervista Iniziale del Volume, Realizzata a los Angeles Il 16 Febbraio 2002. tra I Suoi Film Ric0Rdiamo: Manhunter Frammenti di un Omicidio (1986); l'ultimo dei Mohicani (1992); Heat la Sfida (1995); Insider Dietro la Verità (1999); Ali' (2001). Filmografia e Bibliografia." aAUTORI/OPERE DEL CINEMA eCodice materia Spics: 6807